| 000 | 00714nam a2200217 u 4500 | ||
|---|---|---|---|
| 005 | 20210223132555.0 | ||
| 008 | 150305s2007 r 000 0 eng d | ||
| 020 | _a9788484180258 (13 dígitos) | ||
| 020 | _a8484180255 (10 dígitos) | ||
| 035 | _aUPN01000202315 | ||
| 049 | _aI | ||
| 050 | 4 |
_aTX355 _bT5.2 2007 |
|
| 100 | 1 |
_aTheulet-Luzié, Bernadette _936889 |
|
| 245 | 1 | 0 |
_aCocina con los niños / _ctexto e il. Bernadette Theulet-Luzié ; tr. de Pilar Garriga. |
| 250 | _a2a ed. | ||
| 260 |
_aBuenos Aires : _bZendrera Zariquiey, _c2007. |
||
| 300 |
_a29 p. : _bil. col. |
||
| 534 |
_pTítulo original _tCuisine avec les tout petits |
||
| 650 | 4 |
_aCOCINA - _vLITERATURA JUVENIL _96317 |
|
| 905 | _aInfantil | ||
| 999 |
_c174416 _d174416 |
||